|
|
|
|
| LEADER |
01766nam a2200433 a 4500 |
| 001 |
nkc20061653134 |
| 003 |
CZ PrNK |
| 005 |
20060719140600.0 |
| 007 |
ta |
| 008 |
060427s2006 xr a f m 000 0 eng |
| 015 |
|
|
|a cnb001653134
|
| 020 |
|
|
|a 80-01-03476-3
|q (brož.)
|
| 035 |
|
|
|a (OCoLC)85722194
|
| 040 |
|
|
|a BOA001
|b cze
|d ABA001
|
| 041 |
0 |
|
|a eng
|b cze
|
| 072 |
|
7 |
|a 511
|x Teorie čísel
|2 Konspekt
|9 13
|
| 080 |
|
|
|a 511.11
|2 MRF
|
| 080 |
|
|
|a (043.5:042.3)
|2 MRF
|
| 100 |
1 |
|
|a Masáková, Zuzana,
|d 1975-
|7 ntka173353
|4 aut
|
| 245 |
1 |
0 |
|a Nestandardní číselné soustavy =
|b Non-standard numeration systems /
|c Zuzana Masáková
|
| 246 |
3 |
1 |
|a Non-standard numeration systems
|
| 260 |
|
|
|a V Praze :
|b České vysoké učení technické,
|c 2006
|
| 300 |
|
|
|a 18 s. :
|b il. ;
|c 21 cm
|
| 490 |
1 |
|
|a Habilitační přednášky ;
|v 8/2006
|
| 500 |
|
|
|a Nad názvem: České vysoké učení technické v Praze, Fakulta jaderná a fyzikálně inženýrská
|
| 504 |
|
|
|a Obsahuje bibliografii
|
| 546 |
|
|
|a Anglický text, české resumé
|
| 650 |
0 |
7 |
|a číselné soustavy
|7 ph128225
|2 czenas
|
| 650 |
0 |
9 |
|a number systems
|2 eczenas
|
| 655 |
|
7 |
|a habilitační přednášky
|7 fd187328
|2 czenas
|
| 655 |
|
9 |
|a habilitation lectures
|2 eczenas
|
| 710 |
2 |
|
|a České vysoké učení technické v Praze.
|b Jaderná a fyzikálně inženýrská fakulta
|7 kn20010710178
|
| 810 |
2 |
|
|a České vysoké učení technické v Praze.
|t Habilitační přednášky
|0 s
|
| 910 |
2 |
|
|a BOA001
|b 2-1169.177
|
| 990 |
|
|
|a BK
|
| 995 |
|
|
|a 01
|
| 991 |
|
|
|b 200605
|c NOV
|
| 996 |
6 |
|
|b 2610278628
|c 2-1169.177
|l MZK
|r Sklad / do 1 hodiny
|n 2
|p p.v.
|w 000815352
|u 000010
|a 1
|e BOA001
|j MZK50
|s P
|
| 996 |
7 |
|
|b 2610278629
|c 2-1169.177
|l MZK
|r Sklad / do 1 hodiny
|n 3
|p p.v.
|w 000815352
|u 000020
|a 1
|e BOA001
|j MZK50
|s A
|